000 00432nab a2200145Ia 4500
003 ES-SlBCS
005 20210601131744.0
008 140529s1929 xxu||||| |||| 00| 0 fre d
041 _afre
100 1 _aHarlaire, André
_9188615
245 0 0 _aLe surréalisme ou la fausse évasion
_c André Harlaire
650 0 4 _aSurrealismo
_998018
773 0 _tVie Intelectuelle (La)
_gvol. 2, nº. 6, 1929, págs. 528-545
_wRev907
942 _cAR
999 _c568239
_d568239